<?xml version="1.0" encoding="UTF-8"?>
<record
    xmlns:xsi="http://www.w3.org/2001/XMLSchema-instance"
    xsi:schemaLocation="http://www.loc.gov/MARC21/slim http://www.loc.gov/standards/marcxml/schema/MARC21slim.xsd"
    xmlns="http://www.loc.gov/MARC21/slim">

  <leader>00980nam a22002177a 4500</leader>
  <datafield tag="952" ind1=" " ind2=" ">
    <subfield code="0">0</subfield>
    <subfield code="1">0</subfield>
    <subfield code="2">ddc</subfield>
    <subfield code="4">0</subfield>
    <subfield code="7">0</subfield>
    <subfield code="8">NFIC</subfield>
    <subfield code="a">ASL</subfield>
    <subfield code="b">ASL</subfield>
    <subfield code="c">GEN</subfield>
    <subfield code="d">2022-06-19</subfield>
    <subfield code="e">Complementary</subfield>
    <subfield code="l">0</subfield>
    <subfield code="o">922 SAM</subfield>
    <subfield code="p">117072</subfield>
    <subfield code="r">2022-06-19 00:00:00</subfield>
    <subfield code="t">C-1</subfield>
    <subfield code="w">2022-06-19</subfield>
    <subfield code="y">BK</subfield>
  </datafield>
  <datafield tag="952" ind1=" " ind2=" ">
    <subfield code="0">0</subfield>
    <subfield code="1">0</subfield>
    <subfield code="2">ddc</subfield>
    <subfield code="4">0</subfield>
    <subfield code="7">0</subfield>
    <subfield code="8">NFIC</subfield>
    <subfield code="a">ASL</subfield>
    <subfield code="b">ASL</subfield>
    <subfield code="c">GEN</subfield>
    <subfield code="d">2022-06-19</subfield>
    <subfield code="e">Complementary</subfield>
    <subfield code="l">0</subfield>
    <subfield code="o">922 SAM</subfield>
    <subfield code="p">117073</subfield>
    <subfield code="r">2022-06-19 00:00:00</subfield>
    <subfield code="t">C-2</subfield>
    <subfield code="w">2022-06-19</subfield>
    <subfield code="y">BK</subfield>
  </datafield>
  <datafield tag="999" ind1=" " ind2=" ">
    <subfield code="c">28956</subfield>
    <subfield code="d">28956</subfield>
  </datafield>
  <controlfield tag="003">BDDh-ASL</controlfield>
  <controlfield tag="005">20231016062619.0</controlfield>
  <controlfield tag="008">220619s2019    b  ||||| |||| 00| 0 b   d</controlfield>
  <datafield tag="040" ind1=" " ind2=" ">
    <subfield code="c">BDDh-ASL</subfield>
  </datafield>
  <datafield tag="082" ind1=" " ind2=" ">
    <subfield code="a">922</subfield>
    <subfield code="b">SAM</subfield>
  </datafield>
  <datafield tag="100" ind1="1" ind2=" ">
    <subfield code="9">6336</subfield>
    <subfield code="a">&#x9B8;&#x9BE;&#x9B2;&#x9BE;&#x9B9;&#x9BF;, &#x986;&#x9A6;&#x9BF;&#x9B2;</subfield>
  </datafield>
  <datafield tag="245" ind1="1" ind2=" ">
    <subfield code="a">&#x9AE;&#x9BE;&#x9A8;&#x9C1;&#x9B7; &#x993; &#x9B0;&#x9B8;&#x9C1;&#x9B2; &#x9AE;&#x9C1;&#x9B9;&#x9BE;&#x9AE;&#x9CD;&#x9AE;&#x9A6;: </subfield>
    <subfield code="b">&#x9B8;&#x9BE;&#x9B2;&#x9CD;&#x9B2;&#x9BE;&#x9B2;&#x9CD;&#x9B2;&#x9BE;&#x9B9;&#x9C1; &#x986;&#x9B2;&#x9BE;&#x987;&#x9B9;&#x9BF; &#x993;&#x9AF;&#x9BC;&#x9BE;&#x9B8;&#x9BE;&#x9B2;&#x9CD;&#x9B2;&#x9BE;&#x9AE; /</subfield>
  </datafield>
  <datafield tag="246" ind1=" " ind2=" ">
    <subfield code="a">Manush O Rasul Muhammad. </subfield>
  </datafield>
  <datafield tag="260" ind1=" " ind2=" ">
    <subfield code="a">&#x9A2;&#x9BE;&#x995;&#x9BE;: </subfield>
    <subfield code="b">&#x996;&#x9CB;&#x9B6;&#x9B0;&#x9CB;&#x99C; &#x995;&#x9BF;&#x9A4;&#x9BE;&#x9AC; &#x9AE;&#x9B9;&#x9B2; &#x9B2;&#x9BF;:, </subfield>
    <subfield code="c">&#x9E8;&#x9E6;&#x9E7;&#x9EF;&#x964; </subfield>
  </datafield>
  <datafield tag="300" ind1=" " ind2=" ">
    <subfield code="a">&#x9E7;&#x9E6;&#x9ED;&#x9EE; &#x9AA;&#x9C3;&#x9B7;&#x9CD;&#x9A0;&#x9BE;: </subfield>
    <subfield code="c">&#x9E8;&#x9E8; &#x9B8;&#x9C7;.&#x9AE;&#x9BF;. </subfield>
  </datafield>
  <datafield tag="504" ind1=" " ind2=" ">
    <subfield code="a">&#x997;&#x9CD;&#x9B0;&#x9A8;&#x9CD;&#x9A5;&#x9AA;&#x99E;&#x9CD;&#x99C;&#x9BF; &#x993; &#x9A8;&#x9BF;&#x9B0;&#x9CD;&#x998;&#x9A3;&#x9CD;&#x99F; &#x9B8;&#x982;&#x9AF;&#x9C1;&#x995;&#x9CD;&#x9A4; &#x964; </subfield>
  </datafield>
  <datafield tag="600" ind1="1" ind2="0">
    <subfield code="9">6337</subfield>
    <subfield code="a">&#x9AE;&#x9C1;&#x9B9;&#x9BE;&#x9AE;&#x9CD;&#x9AE;&#x9A6;, &#x9B9;&#x9AF;&#x9B0;&#x9A4;</subfield>
    <subfield code="c">(&#x9B8;&#x983;)</subfield>
  </datafield>
  <datafield tag="650" ind1=" " ind2="0">
    <subfield code="a">biographical dictionary - &#x99A;&#x9B0;&#x9BF;&#x9A4;&#x9BE;&#x9AD;&#x9BF;&#x9A7;&#x9BE;&#x9A8;</subfield>
    <subfield code="9">4665</subfield>
  </datafield>
  <datafield tag="700" ind1="1" ind2=" ">
    <subfield code="9">4458</subfield>
    <subfield code="a">&#x99C;&#x9BE;&#x9AB;&#x9B0;, &#x986;&#x9AC;&#x9C1; </subfield>
  </datafield>
  <datafield tag="942" ind1=" " ind2=" ">
    <subfield code="2">ddc</subfield>
    <subfield code="c">BK</subfield>
  </datafield>
</record>
